| 000 | 00860nam a2200265 i 4500 | ||
|---|---|---|---|
| 003 | DO-SdBNP | ||
| 005 | 20230719101419.0 | ||
| 006 | a||||er|||| 00| 0 | ||
| 007 | ta | ||
| 008 | 230719e2022 |||a|||| 6||| 00| 0 spa d | ||
| 040 |
_aDO-SdBNP _bspa _cBNPHU _erda |
||
| 082 | 1 |
_222 _bB173m |
|
| 100 | 1 |
_aBalbuena, Francisco _979903 _eautor |
|
| 245 | 1 | 0 |
_aMás freak de lo normal. / _cFrancisco Balbuena, Máximo Montero; editor y rotulación: Darwin Núñez |
| 264 | 1 |
_aSanto Domingo : _bALPHA EVE, _c2022 |
|
| 300 |
_a[40] páginas : _bIlustraciones ; _c21 cm. |
||
| 336 |
_2rdacontent _atexto _btxt |
||
| 337 |
_2rdamedia _asin medición _bn |
||
| 338 |
_2rdacarrier _avoumen _bnc |
||
| 490 |
_aALPHA EVE ; _v01 |
||
| 590 | _aInventariado 2023 / MF | ||
| 700 | 1 |
_aMontero, Máximo, _eautor _983793 |
|
| 700 | 1 |
_aNúñez, Darwin _979902 _eeditor |
|
| 942 |
_2ddc _cLBS1 |
||
| 999 |
_c54202 _d54202 |
||